000 00715cab a2200229 4500
001 WB3219-61
008 090401t1996 xxu||||| |||| 00| 0 eng d
035 _a(Sirsi) u2035
041 _aeng
245 _aRelief from rates for local shopkeepers
260 _c1996
350 _a0
490 _aDaily Telegraph
_v13 May 1996, 30(1)
520 _aComment on DoE proposal that local authorities exercise discretion in excusing village shops a proportion of their rates, in order to support their existance. See WB3218-40
650 _aBUSINESS RATES
650 _aRURAL BUSINESSES
650 _aVILLAGE SHOPS
650 _aVILLAGES
690 _aRATING AND VALUATION
942 _n0
948 _c04/03/1997
999 _c1211
_d1211